[Event "Top Jeunes"]
[Site "Mulhouse"]
[Date "2010.12.19"]
[Round "6.2"]
[White "Muller, Matthieu"]
[Black "Eid, Maha"]
[Result "0-1"]
[WhiteElo "1904"]
[BlackElo "2067"]
[PlyCount "76"]
[EventDate "2010.12.19"]
[SourceDate "2010.12.19"]

1. e4 c5 2. Nf3 e6 3. d4 cxd4 4. Nxd4 a6 5. Nc3 Qc7 6. Bd3 Bc5 7. Nb3 Be7 8.
O-O Nf6 9. f4 d6 10. Kh1 Nbd7 11. a4 b6 12. Be3 Bb7 13. Qe2 O-O 14. Rae1 Rfe8
15. Bf2 e5 16. f5 d5 17. exd5 Nxd5 18. Be4 N5f6 19. Bxb7 Qxb7 20. Bh4 Rac8 21.
Bxf6 Bxf6 22. Ne4 Be7 23. Rf3 Nf6 24. Nxf6+ Bxf6 25. Rh3 h6 26. c3 Qd7 27. Qg4
Kh8 28. Rd1 Qc6 29. a5 Qb5 30. Nd2 Rcd8 31. Ne4 Rxd1+ 32. Qxd1 Rd8 33. Qc1 Qe2
34. Rxh6+ Kg8 35. Nxf6+ gxf6 36. Rh8+ Kxh8 37. Qh6+ Kg8 38. h4 Qf1+ 0-1

[Event "Top Jeunes"]
[Site "Mulhouse"]
[Date "2010.12.19"]
[Round "6.3"]
[White "Kambrath, Yannick"]
[Black "Viennot, Dylan"]
[Result "0-1"]
[WhiteElo "2044"]
[BlackElo "2032"]
[PlyCount "74"]
[EventDate "19.??.??"]
[WhiteTeam "Clichy"]
[BlackTeam "Mulhouse"]

1. d4 Nf6 2. c4 e6 3. Nf3 d5 4. Nc3 Nbd7 5. cxd5 exd5 6. Bg5 h6 7. Bh4 c6 8. e3
Be7 9. Bd3 Ne4 10. Bxe7 Qxe7 11. Bxe4 dxe4 12. Nd2 Nf6 13. Qc2 Bf5 14. Na4 O-O
15. O-O Nd5 16. a3 Bg6 17. Nc5 f5 18. Qb3 b6 19. Na6 Bf7 20. Nb4 Nxb4 21. Qxb4
Qg5 22. Nc4 Bd5 23. Ne5 f4 24. exf4 Rxf4 25. Qd2 Raf8 26. h4 Qxg2+ 27. Kxg2 e3+
28. Kg3 exd2 29. Rad1 Rxd4 30. f4 Bb3 31. Nf3 Bxd1 32. Nxd4 Bh5 33. Nf3 Rd8 34.
Rd1 Rd3 35. Rxd2 Rxf3+ 36. Kg2 Rxf4 37. Rd7 Rf7 0-1

[Event "Top Jeunes"]
[Site "Mulhouse"]
[Date "2010.12.19"]
[Round "6.4"]
[White "Devoille, Hugo"]
[Black "Eid, Amine"]
[Result "1-0"]
[WhiteElo "1753"]
[BlackElo "1917"]
[PlyCount "67"]
[EventDate "19.??.??"]
[WhiteTeam "Mulhouse"]
[BlackTeam "Clichy"]

1. e4 g6 2. Nf3 d6 3. d4 Bg7 4. Be3 a6 5. Nc3 b5 6. Bd3 Bb7 7. Ne2 Nd7 8. Ng3
Ngf6 9. h3 Rc8 10. Qd2 c5 11. c3 O-O 12. O-O Rc7 13. Bh6 Qa8 14. Rfe1 Nb6 15.
Qg5 Rfc8 16. Bxg7 Kxg7 17. Nf5+ Kg8 18. Nxd6 h6 19. Qf4 exd6 20. Qxf6 Rd7 21.
Re2 Re8 22. Rae1 Re6 23. Qf4 Kg7 24. Qg3 Rde7 25. Nh4 Kh7 26. Nf5 Rd7 27. d5
Rf6 28. Qh4 g5 29. Qg4 Rd8 30. e5 dxe5 31. Nxh6+ Kxh6 32. Rxe5 Rg8 33. h4 Rfg6
34. hxg5+ 1-0

[Event "Top Jeunes"]
[Site "Mulhouse"]
[Date "2010.12.19"]
[Round "6.5"]
[White "Vigna, Leo"]
[Black "Guerry, Emilien"]
[Result "1-0"]
[WhiteElo "1685"]
[BlackElo "1640"]
[PlyCount "57"]
[EventDate "19.??.??"]
[WhiteTeam "Clichy"]
[BlackTeam "Mulhouse"]

1. e4 c5 2. Nf3 e6 3. d4 cxd4 4. Nxd4 Nc6 5. Nc3 Qc7 6. g3 Nf6 7. Bg2 a6 8. O-O
Be7 9. Re1 O-O 10. Nxc6 dxc6 11. e5 Nd7 12. Bf4 b5 13. a3 Bb7 14. Qe2 Nb6 15.
b4 Rfd8 16. Red1 Rxd1+ 17. Rxd1 Nc4 18. Ne4 Rd8 19. Nd6 Nxd6 20. exd6 Bxd6 21.
Qd3 Rd7 22. Bxd6 Qd8 23. Qd4 h6 24. Qc5 f6 25. Bxc6 Bxc6 26. Qxc6 e5 27. Rd3 e4
28. Rd5 Kh8 29. Be7 1-0

[Event "Top Jeunes"]
[Site "Mulhouse"]
[Date "2010.12.19"]
[Round "6.6"]
[White "Flick, Antoine"]
[Black "Kieffer, Anatole"]
[Result "1-0"]
[WhiteElo "1605"]
[BlackElo "1671"]
[PlyCount "79"]
[EventDate "19.??.??"]
[WhiteTeam "Mulhouse"]
[BlackTeam "Clichy"]

1. c4 Nf6 2. Nc3 g6 3. g3 Bg7 4. Nf3 O-O 5. Bg2 d6 6. O-O c5 7. d4 cxd4 8. Nxd4
a6 9. e4 Qc7 10. Qd3 Bd7 11. b3 Nc6 12. Nde2 Ne5 13. Qd2 Qc8 14. Bb2 Bh3 15.
Nf4 Bxg2 16. Kxg2 Qc6 17. f3 Rfe8 18. Rad1 g5 19. Nfd5 g4 20. f4 Ned7 21. Qe2
e6 22. Nb4 Qb6 23. Nc2 e5 24. f5 a5 25. Ne3 h5 26. Ba3 Nc5 27. Ned5 Qc6 28.
Nxf6+ Bxf6 29. Nd5 Kg7 30. Qe3 Rh8 31. Bc1 Rag8 32. Qc3 b6 33. Qe3 Bd8 34. f6+
Kf8 35. Ba3 Rh7 36. Nc3 Rgh8 37. Bxc5 bxc5 38. Nb5 h4 39. Rxd6 Qc8 40. Qxc5 1-0

[Event "Top Jeunes"]
[Site "Mulhouse"]
[Date "2010.12.19"]
[Round "6.7"]
[White "Vigna, Liza"]
[Black "Burri, Quentin"]
[Result "1/2-1/2"]
[WhiteElo "1680"]
[BlackElo "1720"]
[PlyCount "42"]
[EventDate "19.??.??"]
[WhiteTeam "Clichy"]
[BlackTeam "Mulhouse"]

1. e4 c5 2. c3 d5 3. exd5 Qxd5 4. d4 g6 5. Nf3 Bg7 6. Be3 cxd4 7. Nxd4 Nf6 8.
Nd2 O-O 9. Bc4 Qxg2 10. Qf3 Qxf3 11. N2xf3 Nc6 12. h3 Nxd4 13. Nxd4 e5 14. Nf3
Re8 15. O-O a6 16. Ng5 Be6 17. Nxe6 fxe6 18. Bb6 Rac8 19. Bb3 Rc6 20. Be3 b5
21. h4 Rec8 1/2-1/2

[Event "Top Jeunes"]
[Site "Mulhouse"]
[Date "2010.12.19"]
[Round "6.8"]
[White "Banat, Rayan"]
[Black "Rambeaux, Solene"]
[Result "0-1"]
[WhiteElo "1560"]
[BlackElo "1480"]
[PlyCount "72"]
[EventDate "19.??.??"]
[WhiteTeam "Clichy"]
[BlackTeam "Mulhouse"]

1. d4 Nf6 2. Bf4 g6 3. e3 Bg7 4. Bd3 O-O 5. h3 d6 6. Nf3 Nc6 7. c3 Re8 8. O-O
e5 9. Bg5 e4 10. Bxe4 Rxe4 11. Nbd2 Re8 12. e4 h6 13. Bxf6 Bxf6 14. Qc1 g5 15.
Nh2 h5 16. Qd1 g4 17. hxg4 hxg4 18. Nxg4 Kg7 19. Nh2 Rh8 20. Ndf3 Bg5 21. d5
Ne5 22. Nxg5 Qxg5 23. f4 Qg3 24. Nf3 Nxf3+ 25. Rxf3 Qh2+ 26. Kf2 Bg4 27. Rg3
Qxg3+ 28. Kxg3 Bxd1 29. Rxd1 Rae8 30. Kf3 Rh5 31. g4 Rh2 32. Rb1 Rc2 33. f5 f6
34. a4 Rh8 35. Kf4 Rh3 36. b4 Rf2# 0-1

[Event "Top Jeunes"]
[Site "Mulhouse"]
[Date "2010.12.19"]
[Round "6.9"]
[White "Rambeaux, Solene"]
[Black "Vigna, Liza"]
[Result "1-0"]
[WhiteElo "1480"]
[BlackElo "1680"]
[PlyCount "41"]
[EventDate "19.??.??"]
[WhiteTeam "Mulhouse"]
[BlackTeam "Clichy"]

1. d4 d5 2. c4 e6 3. Nf3 f5 4. g3 Nf6 5. Nc3 Be7 6. Bg2 O-O 7. O-O Nbd7 8. a3
c5 9. Qc2 b6 10. Rb1 h6 11. b4 dxc4 12. Ng5 Rb8 13. Nxe6 Qe8 14. Nxf8 Qxf8 15.
Bf4 Bd6 16. Qxf5 Ne5 17. Qc2 Nf7 18. Bxd6 Nxd6 19. Qd2 Qe8 20. Qf4 Qf8 21. bxc5
1-0

[Event "Top Jeunes"]
[Site "Mulhouse"]
[Date "2010.12.19"]
[Round "6.10"]
[White "Burri, Quentin"]
[Black "Banat, Rayan"]
[Result "1-0"]
[WhiteElo "1720"]
[BlackElo "1560"]
[PlyCount "67"]
[EventDate "19.??.??"]
[WhiteTeam "Mulhouse"]
[BlackTeam "Clichy"]

1. d4 d5 2. c4 c6 3. Nc3 Nf6 4. Nf3 dxc4 5. e3 Bg4 6. Bxc4 e6 7. O-O Bf5 8. Re1
Bb4 9. Qb3 Qe7 10. Nh4 Bxc3 11. bxc3 Be4 12. Ba3 Qc7 13. g3 Qb6 14. Ng2 Bd5 15.
Rab1 Nbd7 16. Qa4 Qc7 17. Qb4 Nb6 18. Bxd5 Nfxd5 19. Qb3 Rb8 20. e4 Ne7 21. e5
Nbc8 22. Ne3 b5 23. f4 Qd7 24. Nd1 a5 25. Nf2 b4 26. cxb4 Qxd4 27. Rbd1 Qb6 28.
Qd3 O-O 29. bxa5 Qxa5 30. Ne4 h6 31. Nd6 Nxd6 32. Bxd6 Rbd8 33. Qb3 Qa7+ 34.
Kg2 1-0

[Event "Top Jeunes"]
[Site "Mulhouse"]
[Date "2010.12.19"]
[Round "6.1"]
[White "Barbot, Pierre"]
[Black "Lemeille, Francois"]
[Result "1-0"]
[WhiteElo "2177"]
[BlackElo "2049"]
[PlyCount "61"]
[EventDate "19.??.??"]
[WhiteTeam "Sautron"]
[BlackTeam "Bois-Colombes"]

1. e4 c5 2. Nf3 d6 3. d4 cxd4 4. Nxd4 Nf6 5. Nc3 a6 6. Be3 e6 7. g4 e5 8. Nf5
g6 9. Bg2 Rg8 10. h3 gxf5 11. exf5 Nc6 12. Qe2 Qc7 13. O-O-O Bd7 14. g5 O-O-O
15. Rhg1 d5 16. Bxd5 Nxd5 17. Nxd5 Qa5 18. Nb6+ Kc7 19. Qc4 Qb5 20. Qxf7 Rg7
21. Rxd7+ Rxd7 22. Qxf8 Nd4 23. Bxd4 exd4 24. Nxd7 Rxd7 25. Rd1 Qc4 26. Qa3 Qd5
27. Qg3+ Kd8 28. Qf4 Qxa2 29. Rxd4 Qa5 30. Rxd7+ Kxd7 31. Qd2+ 1-0

[Event "Top Jeunes"]
[Site "Mulhouse"]
[Date "2010.12.19"]
[Round "6.2"]
[White "Triboulin, Boyann"]
[Black "Bapst, Valentin"]
[Result "1-0"]
[WhiteElo "1700"]
[BlackElo "1905"]
[PlyCount "79"]
[EventDate "19.??.??"]
[WhiteTeam "Bois-Colombes"]
[BlackTeam "Sautron"]

1. d4 Nf6 2. c4 g6 3. Nc3 d5 4. cxd5 Nxd5 5. e4 Nxc3 6. bxc3 Bg7 7. Bc4 c5 8.
Be3 O-O 9. Ne2 Nc6 10. O-O Qc7 11. Qc2 Na5 12. Bb3 Nxb3 13. Qxb3 cxd4 14. cxd4
b6 15. Rac1 Qd7 16. Bf4 Ba6 17. Rfe1 Bxe2 18. Rxe2 Qxd4 19. Rd1 Qf6 20. g3 e5
21. Be3 Rfd8 22. Rc1 Rac8 23. Rec2 Rxc2 24. Qxc2 Qe7 25. Qc7 Qxc7 26. Rxc7 Ra8
27. Kf1 Bf8 28. Ke2 Bd6 29. Rd7 Bb4 30. Kd3 Kf8 31. Kc4 Ba5 32. Kd5 Bc3 33. Kd6
b5 34. Rxa7 Rxa7 35. Bxa7 Bd4 36. Bc5 Bc3 37. Kc6+ Kg7 38. Kxb5 Kf6 39. Be3 Ke6
40. a4 1-0

[Event "Top Jeunes"]
[Site "Mulhouse"]
[Date "2010.12.19"]
[Round "6.3"]
[White "Le Pen, Steven"]
[Black "Lam-Roques, Kalvin"]
[Result "0-1"]
[WhiteElo "1793"]
[BlackElo "1871"]
[PlyCount "66"]
[EventDate "19.??.??"]
[WhiteTeam "Sautron"]
[BlackTeam "Bois-Colombes"]

1. e4 c5 2. Nf3 d6 3. d4 cxd4 4. Nxd4 Nf6 5. Nc3 g6 6. Be3 Bg7 7. f3 Nc6 8. Bc4
Bd7 9. Qd2 O-O 10. O-O-O Qb8 11. h4 Rc8 12. Bb3 a5 13. Ndb5 Ne5 14. a4 Nc4 15.
Bxc4 Rxc4 16. b3 Bxb5 17. Nxb5 Rb4 18. Bd4 Qc8 19. Bc3 Rxb5 20. axb5 Nxe4 21.
fxe4 Bxc3 22. Qe3 a4 23. Rd3 Be5 24. bxa4 Rxa4 25. Ra3 Bf4 26. Qxf4 Rxa3 27.
Rf1 Qc4 28. Kd2 Qc3+ 29. Ke2 Qxc2+ 30. Qd2 Qxe4+ 31. Kf2 Qxh4+ 32. Kg1 Ra4 33.
Qd5 Qd4+ 0-1

[Event "Top Jeunes"]
[Site "Mulhouse"]
[Date "2010.12.19"]
[Round "6.4"]
[White "Joudelat, Noemie"]
[Black "Terrazzoni, Claire"]
[Result "1-0"]
[WhiteElo "1775"]
[BlackElo "1490"]
[PlyCount "79"]
[EventDate "19.??.??"]
[WhiteTeam "Bois-Colombes"]
[BlackTeam "Sautron"]

1. e4 c5 2. Nf3 d6 3. d4 cxd4 4. Nxd4 Nf6 5. Nc3 g6 6. Be3 Bg7 7. f3 O-O 8. Bc4
Nc6 9. Bb3 Nxd4 10. Bxd4 Be6 11. O-O Qa5 12. Be3 Rfc8 13. Rb1 Rc7 14. Qd2 Rac8
15. Bh6 Bh8 16. Qe2 d5 17. e5 Nd7 18. f4 Nb6 19. Nb5 Rc5 20. Nd4 Nc4 21. c3 Qb6
22. Kh1 Rd8 23. f5 Bc8 24. e6 f6 25. Bxc4 dxc4 26. fxg6 hxg6 27. Qg4 Kh7 28.
Bf4 Rg8 29. Rf3 Kg7 30. Rh3 Kf8 31. Rh7 Ke8 32. Rxh8 Rxh8 33. Qxg6+ Kd8 34. Rd1
Rd5 35. Qg7 Re8 36. Qg4 Qc5 37. Qf3 b6 38. Nc6+ Qxc6 39. Rxd5+ Bd7 40. Rxd7+
1-0

[Event "Top Jeunes"]
[Site "Mulhouse"]
[Date "2010.12.19"]
[Round "6.5"]
[White "Eugene, Floryan"]
[Black "Guerlach, Keigo"]
[Result "1/2-1/2"]
[WhiteElo "1609"]
[BlackElo "1639"]
[PlyCount "96"]
[EventDate "19.??.??"]
[WhiteTeam "Sautron"]
[BlackTeam "Bois-Colombes"]

1. e4 e5 2. Nf3 Nf6 3. Nxe5 d6 4. Nf3 Nxe4 5. d4 d5 6. Bd3 Bd6 7. O-O O-O 8. c4
c6 9. Re1 Re8 10. Nc3 Nxc3 11. bxc3 dxc4 12. Bxc4 Rxe1+ 13. Qxe1 h6 14. Ne5
Bxe5 15. Qxe5 Nd7 16. Qg3 Qf6 17. Be3 Nb6 18. Be2 Nd5 19. Bd2 Qg6 20. Qxg6 fxg6
21. Re1 Nb6 22. Bf3 Bd7 23. Re7 Re8 24. Rxe8+ Bxe8 25. Kf1 Kf7 26. Ke2 Bd7 27.
Be3 Be6 28. a3 Nc4 29. a4 Nb2 30. a5 Bc4+ 31. Kd2 Bb5 32. Be2 Bxe2 33. Kxe2 Nc4
34. d5 Nxe3 35. dxc6 bxc6 36. Kxe3 Ke6 37. Ke4 Kd6 38. Kd4 c5+ 39. Ke4 Ke6 40.
h3 Kd6 41. f4 Ke6 42. c4 a6 43. g4 g5 44. Ke3 Ke7 45. f5 Kd7 46. Kf3 Ke7 47.
Kg3 Kd6 48. Kf3 Ke7 1/2-1/2

[Event "Top Jeunes"]
[Site "Mulhouse"]
[Date "2010.12.19"]
[Round "6.6"]
[White "Bonnin, Remi"]
[Black "Machiels, Etienne"]
[Result "0-1"]
[WhiteElo "1360"]
[BlackElo "1573"]
[PlyCount "98"]
[EventDate "19.??.??"]
[WhiteTeam "Bois-Colombes"]
[BlackTeam "Sautron"]

1. e4 e5 2. Nf3 Nc6 3. Bb5 Nd4 4. Nxd4 exd4 5. d3 c6 6. Ba4 Bc5 7. O-O Ne7 8.
c3 d5 9. Bg5 dxe4 10. dxe4 f6 11. Bh4 Ng6 12. Bg3 Ne5 13. cxd4 Bxd4 14. Nc3 Be6
15. Qd2 Ng6 16. Rfd1 Bb6 17. Qxd8+ Rxd8 18. Rxd8+ Bxd8 19. Bd6 Be7 20. Rd1 Kf7
21. Bxe7 Kxe7 22. g3 Rd8 23. Rxd8 Kxd8 24. f4 f5 25. e5 Ne7 26. Bb3 Bxb3 27.
axb3 h6 28. Kf2 g5 29. Ke3 Kd7 30. Kd4 Ng6 31. fxg5 hxg5 32. Na4 b6 33. h3 Ke6
34. Nc3 Nxe5 35. b4 Nf3+ 36. Ke3 Ng1 37. h4 gxh4 38. gxh4 Ke5 39. Nd1 Nh3 40.
Nf2 Nxf2 41. Kxf2 Kf4 42. h5 Kg5 43. h6 Kxh6 44. Kf3 Kg5 45. Kg3 f4+ 46. Kf3
Kf5 47. Kf2 Kg4 48. Kg2 f3+ 49. Kf2 Kf4 0-1

[Event "Top Jeunes"]
[Site "Mulhouse"]
[Date "2010.12.19"]
[Round "6.8"]
[White "Ragot Gaufreteau, Maelyss"]
[Black "Pham, Arthur"]
[Result "1-0"]
[WhiteElo "1350"]
[BlackElo "1009"]
[PlyCount "61"]
[EventDate "19.??.??"]
[WhiteTeam "Sautron"]
[BlackTeam "Bois-Colombes"]

1. e4 e5 2. Nf3 Nc6 3. d4 f6 4. d5 Nce7 5. Nc3 d6 6. Be2 c6 7. O-O Bd7 8. Be3
f5 9. Bc4 Nf6 10. dxc6 Nxc6 11. Ng5 Qc7 12. f3 Na5 13. Bf7+ Kd8 14. Be6 Ke8 15.
Bxf5 Bxf5 16. exf5 Nc4 17. Qd3 Nxb2 18. Qb5+ Ke7 19. Qxb2 Rc8 20. Nce4 Nxe4 21.
fxe4 Qxc2 22. Qxc2 Rxc2 23. Bxa7 Kf6 24. Nf3 Be7 25. Be3 Rg8 26. Bg5+ Kf7 27.
Bxe7 Kxe7 28. g3 g6 29. fxg6 hxg6 30. Rf2 Rc3 31. Nh4 1-0

[Event "Top Jeunes"]
[Site "Mulhouse"]
[Date "2010.12.19"]
[Round "6.9"]
[White "Pham, Arthur"]
[Black "Trouve, Guillaume"]
[Result "0-1"]
[WhiteElo "1009"]
[BlackElo "1614"]
[PlyCount "98"]
[EventDate "19.??.??"]
[WhiteTeam "Bois-Colombes"]
[BlackTeam "Sautron"]

1. e4 c5 2. Nf3 e6 3. Nc3 a6 4. g3 d6 5. Bg2 Be7 6. O-O Nd7 7. d4 cxd4 8. Qxd4
Ngf6 9. Be3 O-O 10. e5 dxe5 11. Nxe5 Bc5 12. Qf4 Bd6 13. Nc6 Bxf4 14. Nxd8 Bxe3
15. Nxe6 Bxf2+ 16. Rxf2 fxe6 17. Raf1 Ne5 18. Ne4 Neg4 19. Rf4 e5 20. Nxf6+
Nxf6 21. R4f2 Be6 22. b3 Bd5 23. Rxf6 Rxf6 24. Bxd5+ Kh8 25. Bxb7 Rxf1+ 26.
Kxf1 Rb8 27. Bxa6 Ra8 28. Bd3 Rxa2 29. Kg1 Ra7 30. c4 Ra3 31. Bc2 Ra2 32. Bd3
Rb2 33. c5 Rxb3 34. Be4 Rc3 35. c6 Rc4 36. Bd5 Rc5 37. Be4 Kg8 38. Kf2 h6 39.
Ke3 Kf7 40. Kf3 Ke6 41. Kg4 Rc4 42. Kf3 Kd6 43. h4 Rxc6 44. Bxc6 Kxc6 45. Ke4
Kd6 46. g4 Ke6 47. g5 hxg5 48. hxg5 g6 49. Kf3 Kf5 0-1

[Event "Top Jeunes"]
[Site "Mulhouse"]
[Date "2010.12.19"]
[Round "6.10"]
[White "Ariza, Thomas"]
[Black "Ragot Gaufreteau, Maelyss"]
[Result "1/2-1/2"]
[WhiteElo "1670"]
[BlackElo "1350"]
[PlyCount "77"]
[EventDate "19.??.??"]
[WhiteTeam "Bois-Colombes"]
[BlackTeam "Sautron"]

1. e4 c5 2. Nf3 d6 3. d4 cxd4 4. Nxd4 Nf6 5. Nc3 g6 6. Be3 Bg7 7. Bb5+ Bd7 8.
Bxd7+ Qxd7 9. h3 O-O 10. O-O Nc6 11. Nf3 a6 12. Rb1 b5 13. Bg5 Rab8 14. a3 Rfc8
15. Re1 Rd8 16. Bf4 Rbc8 17. Bg5 Rb8 18. Qd2 a5 19. Qe2 b4 20. axb4 axb4 21.
Nd5 Rdc8 22. Nxf6+ Bxf6 23. Bxf6 exf6 24. Qd2 Ne5 25. Nxe5 fxe5 26. Rbc1 Rc5
27. Red1 Rc4 28. f3 Rd4 29. Qe1 Qa7 30. Kh2 f5 31. exf5 gxf5 32. Qf2 Rb7 33.
Rxd4 Qxd4 34. Qxd4 exd4 35. Rd1 b3 36. cxb3 Rxb3 37. Rxd4 Rxb2 38. Rxd6 Kg7 39.
Kg3 1/2-1/2

[Event "Top Jeunes"]
[Site "Mulhouse"]
[Date "2010.12.19"]
[Round "6.1"]
[White "Clement, Alexandre"]
[Black "Barbaras, Mathieu"]
[Result "1-0"]
[WhiteElo "1923"]
[BlackElo "2022"]
[PlyCount "85"]
[EventDate "19.??.??"]
[WhiteTeam "Villepinte"]
[BlackTeam "Bischwiller"]

1. e4 c5 2. Nc3 Nc6 3. Bb5 g6 4. Bxc6 dxc6 5. d3 Bg7 6. f4 Nf6 7. Nf3 b6 8. O-O
O-O 9. Qe1 Nd7 10. f5 Ne5 11. Qg3 e6 12. fxg6 hxg6 13. Be3 Nxf3+ 14. Rxf3 e5
15. Raf1 Be6 16. b3 a5 17. a4 Ra7 18. Ne2 Qe8 19. Qh4 f6 20. g4 Qd7 21. h3 Qd6
22. Qf2 Raf7 23. Ng3 Qd7 24. Qd2 f5 25. gxf5 gxf5 26. exf5 Bxf5 27. Nxf5 Rxf5
28. Rxf5 Rxf5 29. Rxf5 Qxf5 30. Qg2 Qe6 31. Qg4 Kf7 32. Qxe6+ Kxe6 33. Kg2 Kf5
34. Kf3 Bf6 35. c4 Bh4 36. Bd2 Bf6 37. Be1 Bg5 38. Bg3 Bd2 39. Bh4 Bc3 40. Bd8
b5 41. cxb5 cxb5 42. axb5 c4 43. dxc4 1-0

[Event "Top Jeunes"]
[Site "Mulhouse"]
[Date "2010.12.19"]
[Round "6.2"]
[White "Wurtz, Guillaume"]
[Black "Msellek, Ilyass"]
[Result "1-0"]
[WhiteElo "1930"]
[BlackElo "2059"]
[PlyCount "39"]
[EventDate "19.??.??"]
[WhiteTeam "Bischwiller"]
[BlackTeam "Villepinte"]

1. e4 b6 2. d4 Bb7 3. Bd3 e6 4. c4 d6 5. Nc3 e5 6. d5 g6 7. Nge2 Bg7 8. Be3 Nf6
9. f3 O-O 10. O-O h5 11. Rc1 Nh7 12. b4 f5 13. c5 f4 14. Bf2 h4 15. h3 Ng5 16.
Kh2 Bc8 17. Ng1 Nf7 18. Nb5 Na6 19. cxd6 cxd6 20. Qb3 {suite illisible... gain
blanc au 64e coup} 1-0

[Event "Top Jeunes"]
[Site "Mulhouse"]
[Date "2010.12.19"]
[Round "6.3"]
[White "Bellaiche, Elise"]
[Black "Bellahcene, Bilel"]
[Result "0-1"]
[WhiteElo "1896"]
[BlackElo "2140"]
[PlyCount "64"]
[EventDate "19.??.??"]
[WhiteTeam "Villepinte"]
[BlackTeam "Bischwiller"]

1. e4 c5 2. c3 d5 3. exd5 Qxd5 4. d4 Nf6 5. Nf3 e6 6. Be2 cxd4 7. cxd4 Nc6 8.
Nc3 Qd6 9. O-O g6 10. Bg5 Bg7 11. Bxf6 Bxf6 12. Ne4 Qd8 13. Nxf6+ Qxf6 14. Qd2
O-O 15. Rfd1 Rd8 16. Qe3 b6 17. Rac1 Bb7 18. Ne5 Nxd4 19. Bf1 Nf5 20. Qc3 Rac8
21. Rxd8+ Qxd8 22. Qe1 Rxc1 23. Qxc1 Qc8 24. Qd2 Bd5 25. b3 h5 26. Bc4 Qc7 27.
Qe1 Bxc4 28. Nxc4 b5 29. Ne3 Nxe3 30. Qxe3 Qc2 31. h4 Qxa2 32. Qc3 Qa3 0-1

[Event "Top Jeunes"]
[Site "Mulhouse"]
[Date "2010.12.19"]
[Round "6.4"]
[White "Hoerdt, Audran"]
[Black "Ek, Alexandre"]
[Result "0-1"]
[WhiteElo "1587"]
[BlackElo "1855"]
[PlyCount "58"]
[EventDate "19.??.??"]
[WhiteTeam "Bischwiller"]
[BlackTeam "Villepinte"]

1. e4 c5 2. Nf3 Nc6 3. d4 cxd4 4. Nxd4 g6 5. Nc3 Bg7 6. Be3 Nf6 7. Nb3 d6 8.
Be2 O-O 9. f4 e5 10. O-O exf4 11. Bxf4 Ne5 12. Nd5 Nxe4 13. Bf3 Nxf3+ 14. Qxf3
f5 15. c3 Be6 16. Rad1 a5 17. a4 Qd7 18. Bxd6 Nxd6 19. Nc5 Qf7 20. Nxe6 Qxe6
21. Nc7 Qe7 22. Nxa8 Rxa8 23. Qd5+ Nf7 24. Rfe1 Be5 25. Qb5 Re8 26. Qxa5 Bxh2+
27. Kxh2 Qh4+ 28. Kg1 Rxe1+ 29. Rxe1 Qxe1+ 0-1

[Event "Top Jeunes"]
[Site "Mulhouse"]
[Date "2010.12.19"]
[Round "6.5"]
[White "Le Menelec, Erwan-Son"]
[Black "Schlegel, Nicolas"]
[Result "1/2-1/2"]
[WhiteElo "1716"]
[BlackElo "1600"]
[PlyCount "80"]
[EventDate "19.??.??"]
[WhiteTeam "Villepinte"]
[BlackTeam "Bischwiller"]

1. e4 e5 2. Nf3 Nc6 3. d4 exd4 4. Bc4 Bc5 5. O-O d6 6. Ng5 Ne5 7. Bb3 h6 8. Nf3
Bg4 9. Nbd2 Nf6 10. Re1 O-O 11. h3 Bh5 12. Qe2 Qc8 13. Bc4 Re8 14. Bb3 d5 15.
Qb5 Nxf3+ 16. Nxf3 Bxf3 17. Qxc5 Bxe4 18. Qxd4 Qd7 19. Ba4 c6 20. Bxh6 Qf5 21.
Bd2 Bxc2 22. Bxc2 Qxc2 23. Bc3 Re4 24. Rxe4 Qxe4 25. Re1 Qxd4 26. Bxd4 Kf8 27.
Bxf6 gxf6 28. Kf1 Re8 29. Rd1 Kg7 30. Rd3 Kg6 31. Ra3 a6 32. Rb3 Re7 33. Rg3+
Kh5 34. Rd3 Re4 35. f3 Rc4 36. Ke2 Rc2+ 37. Rd2 Rxd2+ 38. Kxd2 Kg5 39. g3 f5
40. h4+ Kh5 1/2-1/2

[Event "Top Jeunes"]
[Site "Mulhouse"]
[Date "2010.12.19"]
[Round "6.6"]
[White "Pluvinage, Jerome"]
[Black "O'Sullivan, Thomas"]
[Result "0-1"]
[WhiteElo "1486"]
[BlackElo "1813"]
[PlyCount "52"]
[EventDate "19.??.??"]
[WhiteTeam "Bischwiller"]
[BlackTeam "Villepinte"]

1. d4 Nf6 2. c4 g6 3. Nc3 Bg7 4. e4 d6 5. Nf3 O-O 6. Be2 e5 7. d5 Nh5 8. Qc2
Nf4 9. O-O f5 10. exf5 Bxf5 11. Qd1 Nd7 12. b4 Nxe2+ 13. Nxe2 e4 14. Bg5 Qe8
15. Nfd4 Bg4 16. Rc1 Bxd4 17. Bh6 Bg7 18. Be3 Ne5 19. h3 Bxe2 20. Qxe2 Qd7 21.
c5 Rae8 22. cxd6 cxd6 23. Bxa7 Nd3 24. Rb1 Nf4 25. Qc4 b5 26. Qc6 Qxa7 0-1

[Event "Top Jeunes"]
[Site "Mulhouse"]
[Date "2010.12.19"]
[Round "6.7"]
[White "Kocausta, Antoine"]
[Black "Kantzer, Romain"]
[Result "0-1"]
[WhiteElo "1630"]
[BlackElo "1420"]
[PlyCount "54"]
[EventDate "19.??.??"]
[WhiteTeam "Villepinte"]
[BlackTeam "Bischwiller"]

1. d4 d5 2. c4 dxc4 3. e3 e5 4. Bxc4 exd4 5. exd4 Nf6 6. Nf3 Bb4+ 7. Nc3 O-O 8.
Qc2 Nc6 9. Be3 Re8 10. O-O Bg4 11. d5 Bxc3 12. Qxc3 Nxd5 13. Bxd5 Qxd5 14. Rfd1
Qh5 15. Bf4 Bxf3 16. Qxf3 Qxf3 17. gxf3 Rac8 18. Rd7 Ne5 19. Rd2 Nxf3+ 20. Kg2
Nxd2 21. Bxd2 Re2 22. Bc3 Rd8 23. Kf3 Re6 24. Rg1 Rg6 25. Re1 Rf6+ 26. Ke2 Re6+
27. Kf1 Rxe1+ 0-1

[Event "Top Jeunes"]
[Site "Mulhouse"]
[Date "2010.12.19"]
[Round "6.8"]
[White "Ek, Bora"]
[Black "Bellahcene, Meriem"]
[Result "1-0"]
[WhiteElo "1430"]
[BlackElo "1300"]
[PlyCount "67"]
[EventDate "19.??.??"]
[WhiteTeam "Villepinte"]
[BlackTeam "Bischwiller"]

1. e4 e5 2. Nf3 Nc6 3. Bb5 Nd4 4. Nxd4 exd4 5. O-O Nf6 6. d3 Bc5 7. Bg5 Be7 8.
e5 Nd5 9. Bxe7 Nxe7 10. Qg4 O-O 11. Qxd4 c6 12. Ba4 b6 13. a3 c5 14. Qe4 d5 15.
exd6 Qxd6 16. Qxa8 Bd7 17. Qe4 Bf5 18. Qf3 Bg6 19. Qg3 Qf6 20. Nc3 Nf5 21. Qf3
Rd8 22. Rab1 Nh4 23. Qxf6 gxf6 24. Ne4 Kg7 25. Bb3 b5 26. Nxc5 Rc8 27. Ne4 f5
28. Nd6 Rc7 29. Ne8+ Kf8 30. Nxc7 f6 31. Nxb5 a6 32. Nc3 f4 33. Bd5 Bh5 34. f3
1-0

[Event "Top Jeunes"]
[Site "Mulhouse"]
[Date "2010.12.19"]
[Round "6.9"]
[White "Bellahcene, Meriem"]
[Black "Kocausta, Antoine"]
[Result "1-0"]
[WhiteElo "1300"]
[BlackElo "1630"]
[PlyCount "44"]
[EventDate "19.??.??"]
[WhiteTeam "Bischwiller"]
[BlackTeam "Villepinte"]

1. e4 e5 2. Nf3 Nc6 3. d4 exd4 4. Nxd4 Bc5 5. Nb3 Bb6 6. Qe2 d6 7. Be3 Nge7 8.
Nc3 O-O 9. O-O-O f5 10. Qf3 Kh8 11. Nd5 Nxd5 12. exd5 Ne7 13. Bd3 Bd7 14. Qh3
g6 15. Bd4+ Bxd4 16. Nxd4 Nxd5 17. Bc4 f4 18. Qb3 Nf6 19. Qc3 Ne4 20. Qf3 Nc5
21. Qc3 Qf6 22. Nf3 Be6 {Suite illisible} 1-0

[Event "Top Jeunes"]
[Site "Mulhouse"]
[Date "2010.12.19"]
[Round "6.10"]
[White "Kantzer, Romain"]
[Black "Ek, Bora"]
[Result "1-0"]
[WhiteElo "1420"]
[BlackElo "1430"]
[PlyCount "81"]
[EventDate "19.??.??"]
[WhiteTeam "Bischwiller"]
[BlackTeam "Villepinte"]

1. e4 c5 2. Nf3 d6 3. d4 cxd4 4. Nxd4 g6 5. Nc3 Bg7 6. Be3 Nc6 7. Be2 Nf6 8.
O-O O-O 9. Nb3 a6 10. f4 Bd7 11. Bf3 Rb8 12. Nd5 Re8 13. c3 b5 14. Bd4 Nxd4 15.
Nxd4 Nxd5 16. exd5 Qb6 17. Kh1 e6 18. dxe6 Bxe6 19. Nxe6 fxe6 20. Re1 e5 21.
Qd5+ Kh8 22. fxe5 Rxe5 23. Rxe5 Bxe5 24. Rf1 Bg7 25. h3 Qc5 26. Rd1 Qxd5 27.
Rxd5 Be5 28. Kg1 Kg7 29. Kf2 Kf6 30. Ke3 Re8 31. Kd3 Kg5 32. a4 Rb8 33. axb5
Rxb5 34. Rxb5 axb5 35. Bc6 b4 36. cxb4 Bxb2 37. b5 Kf5 38. b6 Be5 39. Bd5 Kf4
40. b7 Kg3 41. b8=Q 1-0

[Event "Top Jeunes"]
[Site "Mulhouse"]
[Date "2010.12.19"]
[Round "6.1"]
[White "Macon, Arthur"]
[Black "Sok, Michael"]
[Result "1/2-1/2"]
[WhiteElo "1981"]
[BlackElo "1717"]
[PlyCount "99"]
[EventDate "19.??.??"]
[WhiteTeam "Niort"]
[BlackTeam "Potemkine"]

1. d4 d5 2. c4 c6 3. Nf3 e6 4. Nc3 Nf6 5. Bg5 Nbd7 6. cxd5 exd5 7. e3 Qa5 8.
Qc2 Ne4 9. Bd3 Ndf6 10. Bxf6 Nxf6 11. h3 Be6 12. O-O Bb4 13. a3 Bxc3 14. bxc3
O-O 15. Ng5 g6 16. Nxe6 fxe6 17. c4 Rac8 18. Qb2 Rb8 19. Rfe1 b5 20. c5 Qc7 21.
Re2 a6 22. Rae1 Rbe8 23. Qa2 Kg7 24. e4 Qf4 25. Qd2 Qxd2 26. Rxd2 Rf7 27. Ree2
Kf8 28. f3 Rfe7 29. g3 a5 30. g4 dxe4 31. Bxe4 Nxe4 32. Rxe4 b4 33. axb4 axb4
34. Rb2 Rb8 35. Rb3 Kf7 36. Re1 Kf6 37. Reb1 Reb7 38. Kf2 e5 39. dxe5+ Kxe5 40.
Rd1 Rb5 41. Re3+ Kf6 42. Rd6+ Kg7 43. Re7+ Kf8 44. Rxh7 b3 45. Rh8+ Ke7 46.
Rxb8 Rxb8 47. Rd1 b2 48. Rb1 Ke6 49. Ke2 Kd5 50. Kd2 1/2-1/2